Una teoría para la educación: hacia una investigación educativa crítica

में बचाया:
ग्रंथसूची विवरण
मुख्य लेखक: Carr, Wilfred (लेखक)
स्वरूप: पुस्तक
भाषा:स्पेनिश
प्रकाशित: Madrid Morata 1996
संस्करण:1a. ed
श्रृंखला:Colección Educación Crítica
विषय:
टैग: टैग जोड़ें
कोई टैग नहीं, इस रिकॉर्ड को टैग करने वाले पहले व्यक्ति बनें!

MARC

LEADER 00000cam a2200000 a 4500
001 UCO3334
003 CL-VaPUC
008 000720e19960000SP |||||||||||||||||spa|d
020 |a 8471124076 
082 0 4 |a 370.7  |b CAR  |2 21 
100 0 |a Carr, Wilfred  |e author  |9 447419 
245 1 4 |a Una teoría para la educación: hacia una investigación educativa crítica 
250 |a 1a. ed 
300 |a 173 p 
942 |c BK 
945 |d 20000720 00:00:00  |a rbrito 
260 |a Madrid  |b Morata  |c 1996 
650 0 |a Investigación educacional   |9 261192 
650 0 |a Filosofía de la educación   |9 258384 
583 |a last modification  |c 20140425 09:22:01  |k Rodrigo Vera 
490 0 |a Colección Educación Crítica 
999 |c 289793  |d 289791 
952 |0 0  |1 0  |4 0  |6 370_700000000000000_CAR_1996  |7 0  |8 A  |9 338527  |a BIBEDU  |b BIBEDU  |c ES_NOD  |d 2019-11-20  |i 3630633  |o 370.7 CAR 1996  |p 3630633  |r 2023-08-09  |w 2019-11-20  |y BK  |k EDU 
952 |0 0  |1 0  |4 0  |6 370_700000000000000_CAR_1996  |7 0  |8 A  |9 338528  |a BIBEDU  |b BIBEDU  |c ES_NOD  |d 2019-11-20  |i 3751627  |o 370.7 CAR 1996  |p 3751627  |r 2023-08-09  |w 2019-11-20  |y BK  |k EDU 
952 |0 0  |1 0  |4 0  |6 370_700000000000000_CAR_1996  |7 0  |8 A  |9 338529  |a BIBEDU  |b BIBEDU  |c ES_NOD  |d 2019-11-20  |i 4619943  |o 370.7 CAR 1996  |p 4619943  |r 2023-08-09  |w 2019-11-20  |y BK  |k EDU 
952 |0 0  |1 0  |3 erb  |4 0  |6 370_700000000000000_CAR_1996  |7 0  |8 A  |9 338530  |a BIBGIM  |b BIBGIM  |i 507049K  |o 370.7 CAR 1996  |p 507049K  |r 2025-01-15  |w 2019-11-20  |y BK  |z Catalogado en:20140409  |k SSL 
952 |0 0  |1 0  |3 erb  |4 0  |6 370_700000000000000_CAR_1996  |7 0  |8 A  |9 338531  |a BIBGIM  |b BIBGIM  |i 5070503  |o 370.7 CAR 1996  |p 5070503  |r 2025-01-15  |w 2019-11-20  |y BK  |z Catalogado en:20140409  |k SSL 
952 |0 0  |1 0  |3 erb  |4 0  |6 370_700000000000000_CAR_1996  |7 0  |8 A  |9 338532  |a BIBGIM  |b BIBGIM  |i 5070511  |o 370.7 CAR 1996  |p 5070511  |r 2025-01-15  |w 2019-11-20  |y BK  |z Catalogado en:20140409  |k SSL